| 000 | 00566nam a2200181Ia 4500 | ||
|---|---|---|---|
| 008 | 220216s9999 xx 000 0 und d | ||
| 100 |
_aShimada H _cet al |
||
| 245 | 0 | _aAntisense regulation of the rice waxy gene expression using a PCR-amplified fragment of the rice genome reduces the amylose content in grain starch | |
| 260 |
_bTheoretical and Applied Genetics _c1993 |
||
| 300 | _a665-672 | ||
| 650 | _aAmylose | ||
| 650 | _aAntisense regulation | ||
| 650 | _aGrain starch | ||
| 650 | _aPCR | ||
| 650 | _aTransgenic rice | ||
| 650 | _aWaxy | ||
| 942 | _cJS | ||
| 999 |
_c54332 _d54332 |
||